书目信息 |
| 题名: |
中华棍术
|
|
| 作者: | 李士信 编著 | |
| 分册: | ||
| 出版信息: | 北京 金盾出版社 2000.12 |
|
| 页数: | 324页 | |
| 开本: | 19cm | |
| 丛书名: | ||
| 单 册: | ||
| 中图分类: | G852.25 | |
| 科图分类: | ||
| 主题词: | (棍术)武术--中国 | |
| 电子资源: | ||
| ISBN: | 7-5082-1345-9 | |
| 000 | 00543nam0 2200193 45 | |
| 001 | 0401300349 | |
| 005 | 20040130032249.2 | |
| 010 | @a7-5082-1345-9@dCNY15.00 | |
| 100 | @a20040130d2000 km y0chiy0120 ea | |
| 101 | 0 | @achi |
| 105 | @af z 000yy | |
| 200 | 1 | @a中华棍术@AZhong Hua Gun Shu@f李士信编著@FLi Shi Xin Bian Zhu |
| 210 | @a北京@c金盾出版社@d2000.12 | |
| 215 | @a324页@c图@d19cm | |
| 606 | 0 | @a(棍术)武术@x中国 |
| 690 | @aG852.25@v4 | |
| 701 | @a李士信@4编著 | |
| 801 | @aCN@bTSTCL@c20040130 | |
| 905 | @b333081-085@dG852.25@e107@f5 | |
| 中华棍术/李士信编著.-北京:金盾出版社,2000.12 |
| 324页:图;19cm |
| ISBN 7-5082-1345-9:CNY15.00 |
| ● |
| 相关链接 |
|
|
|
|
正题名:中华棍术
索取号:G852.25/107
 
预约/预借
| 序号 | 登录号 | 条形码 | 馆藏地/架位号 | 状态 | 备注 |
| 1 | 0333081 | 203330813 | 第四借阅区/ [索取号:G852.25/107] | 在馆 | |
| 2 | 0333082 | 203330822 | 第四借阅区/ [索取号:G852.25/107] | 在馆 | |
| 3 | 0333083 | 203330831 | 第四借阅区/ [索取号:G852.25/107] | 在馆 | |
| 4 | 0333084 | 203330840 | 第四借阅区/ [索取号:G852.25/107] | 在馆 | |
| 5 | 0333085 | 203330859 | 第一样本阅览室/ [索取号:G852.25/107] | 在馆 |